000 01369cam a2200325 a 4500
001 2127550
003 OSt
005 20211221113950.0
008 971106s1998 flua b 101 0 eng
010 _a 97049109
020 _a1566703093 (acidfree paper)
040 _aDLC
_cHU
_dDLC
050 0 0 _aQH545.A1
_bM85 1998
082 0 0 _a577.27
_221
245 0 0 _aMultiple stresses in ecosystems /
_cedited by Joseph J. Cech, Jr., Barry W. Wilson, Donald G. Crosby.
260 _aBoca Raton, Fla. :
_bLewis Publishers,
_cc1998.
300 _a202 p. :
_bill. ;
_c25 cm.
500 _aResulted from an international conference held Oct. 14-15, 1993 and sponsored by the University of California Toxic Substances Program.
504 _aIncludes bibliographical references and index.
650 0 _aPollution
_vCongresses.
_923832
650 0 _aNature
_xEffect of human beings on
_vCongresses.
_923833
650 0 _aEcology
_vCongresses.
_923834
700 1 _aCech, Joseph J.
_923835
700 1 _aWilson, Barry W.,
_d1931-
_923836
700 1 _aCrosby, Donald G.
_923837
856 4 2 _3Publisher description
_uhttp://www.loc.gov/catdir/enhancements/fy0744/97049109-d.html
906 _a7
_bcbc
_corignew
_d1
_eocip
_f19
_gy-gencatlg
942 _cBOOKS
_2ddc
_n0
999 _c23142
_d23142